| 000 | 00686nam a22001577a 4500 | ||
|---|---|---|---|
| 003 | OSt | ||
| 005 | 20151009104056.0 | ||
| 008 | 151009b xxu||||| |||| 00| 0 eng d | ||
| 040 | _cRUA | ||
| 082 | _aAVM TOU 2008 B082 Or.1 | ||
| 100 |
_92427 _aTOUCH, VUTHY. |
||
| 245 | _aEffect of ensiled cassava foliage and grass silage utilization gastrointestinal nematode parasite in goat, ឥទ្ធិពលនៃស្លឹកដំឡូងមីផ្អាប់ និង ស្មៅផ្អាប់ទៅលើព្រូនណេម៉ាតូតក្នុងពោះរៀនពពែ. | ||
| 260 |
_aphnom phen _bRUA _c2008 |
||
| 300 |
_aIX,30p. _bill. _c29cm. |
||
| 942 |
_2ddc _cAVM |
||
| 999 |
_c2284 _d2284 |
||